<?xml version='1.0' encoding='UTF-8'?>
  <record xmlns="http://www.loc.gov/MARC21/slim">
    <leader>00000cam a22000007i 4500</leader>
    <controlfield tag="001">ocm65715934</controlfield>
    <controlfield tag="003">OCoLC</controlfield>
    <controlfield tag="005">20250306002313.1</controlfield>
    <controlfield tag="008">900412s1719    ne            000 0 dut d</controlfield>
    <datafield tag="040" ind1=" " ind2=" ">
      <subfield code="a">NLGGC</subfield>
      <subfield code="b">dut</subfield>
      <subfield code="e">fobidrtb</subfield>
      <subfield code="c">NLGGC</subfield>
      <subfield code="d">OCLCO</subfield>
      <subfield code="d">OCLCA</subfield>
      <subfield code="d">OCLCQ</subfield>
      <subfield code="d">OCLCL</subfield>
      <subfield code="d">OCLCQ</subfield>
    </datafield>
    <datafield tag="029" ind1="0" ind2=" ">
      <subfield code="a">NLGGC</subfield>
      <subfield code="b">081891954</subfield>
    </datafield>
    <datafield tag="035" ind1=" " ind2=" ">
      <subfield code="a">(OCoLC)65715934</subfield>
    </datafield>
    <datafield tag="041" ind1="0" ind2=" ">
      <subfield code="a">dut</subfield>
      <subfield code="a">fre</subfield>
    </datafield>
    <datafield tag="082" ind1=" " ind2="4">
      <subfield code="a">949.23</subfield>
      <subfield code="q">OCoLC</subfield>
    </datafield>
    <datafield tag="245" ind1="0" ind2="3">
      <subfield code="a">De zegepraalende Vecht, vertoonende verscheidene gesichten van lustplaatsen, heeren huysen en dorpen; beginnende van Uitrecht en met Muyden besluytende =</subfield>
      <subfield code="b">La triomphante riviere de Vecht, remonstrant diverses veües des lieux de plaisances &amp; maisons seignorales &amp; villages; commençant de Uitrecht &amp; finissant avec Muyden.</subfield>
    </datafield>
    <datafield tag="246" ind1="3" ind2=" ">
      <subfield code="a">zegepraalende Vecht</subfield>
    </datafield>
    <datafield tag="246" ind1="3" ind2=" ">
      <subfield code="a">triomphante riviere de Vecht, remonstrant diverses veües des lieux de plaisances &amp; maisons seignorales &amp; villages, commençant de Uitrecht &amp; finissant avec Muyden</subfield>
    </datafield>
    <datafield tag="246" ind1="3" ind2=" ">
      <subfield code="a">Vechtae fundis, villis, praetoriis, atque priscis arcibus triumphantis, tabula exquisitissima</subfield>
    </datafield>
    <datafield tag="246" ind1="3" ind2=" ">
      <subfield code="a">Speelreis langs de Vechtstroom</subfield>
    </datafield>
    <datafield tag="260" ind1=" " ind2=" ">
      <subfield code="a">T'Amsteldam :</subfield>
      <subfield code="b">By de Wed. Nicolaus Visscher,</subfield>
      <subfield code="c">1719.</subfield>
    </datafield>
    <datafield tag="300" ind1=" " ind2=" ">
      <subfield code="a">16 p., [1] bl. krt., [50] bl. pl., 37 p. :</subfield>
      <subfield code="b">ill. ;</subfield>
      <subfield code="c">in-2.</subfield>
    </datafield>
    <datafield tag="336" ind1=" " ind2=" ">
      <subfield code="a">tekst</subfield>
      <subfield code="b">txt</subfield>
      <subfield code="2">rdacontent/dut</subfield>
    </datafield>
    <datafield tag="337" ind1=" " ind2=" ">
      <subfield code="a">zonder medium</subfield>
      <subfield code="b">n</subfield>
      <subfield code="2">rdamedia/dut</subfield>
    </datafield>
    <datafield tag="338" ind1=" " ind2=" ">
      <subfield code="a">band</subfield>
      <subfield code="b">nc</subfield>
      <subfield code="2">rdacarrier/dut</subfield>
    </datafield>
    <datafield tag="500" ind1=" " ind2=" ">
      <subfield code="a">Bijschrift prenten in het Nederlands en Frans.</subfield>
    </datafield>
    <datafield tag="500" ind1=" " ind2=" ">
      <subfield code="a">Gegrav. titel: Vechtae fundis, villis, praetoriis, atque priscis arcibus triumphantis, tabula exquisitissima.</subfield>
    </datafield>
    <datafield tag="500" ind1=" " ind2=" ">
      <subfield code="a">Bevat ook: Speelreis langs de Vechtstroom, op de uitgegeevene gezichten van de zeegepralende Vecht / Claas Bruin.</subfield>
    </datafield>
    <datafield tag="700" ind1="1" ind2=" ">
      <subfield code="a">Bruin, Cl.</subfield>
      <subfield code="q">(Claas),</subfield>
      <subfield code="d">1671-1732.</subfield>
      <subfield code="1">https://id.oclc.org/worldcat/entity/E39PBJhhqBWWmX94WkxGV9RdwC</subfield>
    </datafield>
    <datafield tag="710" ind1="0" ind2=" ">
      <subfield code="a">Visscher, Nicolaus (2, wed., Amsterdam)</subfield>
      <subfield code="4">prt</subfield>
      <subfield code="0">(NL-LeOCL)07717433X</subfield>
    </datafield>
    <datafield tag="758" ind1=" " ind2=" ">
      <subfield code="a">De Zegepraalende Vecht, Vertoonende verscheidene Gesichten van Lustplaatsen, Heeren Huysen en Dorpen; Beginnende van Uitrecht en met Muyden besluytende (Text)</subfield>
      <subfield code="1">https://id.oclc.org/worldcat/entity/E39PCGvd873M3BdphpbTGqmQYP</subfield>
      <subfield code="4">https://id.oclc.org/worldcat/ontology/hasWork</subfield>
    </datafield>
    <datafield tag="776" ind1="0" ind2=" ">
      <subfield code="t">De zegepraalende Vecht, vertoonende verscheidene gesichten van lustplaatsen, heeren huysen en dorpen; beginnende van Uitrecht en met Muyden besluytende</subfield>
      <subfield code="w">(NL-LeOCL)426034309</subfield>
    </datafield>
    <datafield tag="936" ind1=" " ind2=" ">
      <subfield code="a">BATCHLOAD</subfield>
    </datafield>
  </record>